[Event "GBR-ch U1750 op 105th"]
[Site "Hull"]
[Date "2018.07.30"]
[Round "1"]
[White "Anilkumar, Anantha PP"]
[Black "Egan, William J"]
[Result "0-1"]
[WhiteElo "1347"]
[BlackElo "1575"]
[PlyCount "84"]
[EventDate "2018.07.30"]
[EventType "swiss"]
[EventRounds "5"]
[EventCountry "ENG"]
[SourceTitle "EXT 2021"]
[Source "ChessBase"]
[SourceDate "2020.10.23"]
[SourceVersion "1"]
[SourceVersionDate "2020.10.23"]
[SourceQuality "1"]

1. e4 c6 2. d4 d5 3. Nc3 dxe4 4. Nxe4 Nd7 5. Bc4 Ngf6 6. Ng5 e6 7. N1f3 h6 8. Nh3 Bd6 9. Bf4 Be7 10. Ne5 0-0 11. Qd2 Ne4 12. Qd3 Ndf6 13. f3 Nd6 14. Bb3 Nd5 15. Bd2 Nf5 16. c3 Bf6 17. f4 Bxe5 18. fxe5 Qh4+ 19. Kd1 Qg4+ 20. Kc2 Qg6 21. Rag1 Nfe3+ 22. Bxe3 Nxe3+ 23. Kd2 Qxd3+ 24. Kxd3 Nd5 25. g4 f6 26. c4 Nc7 27. Rf1 Bd7 28. exf6 Rxf6 29. Rxf6 gxf6 30. Nf4 Kf7 31. Rf1 Ke7 32. h3 Be8 33. Re1 Bf7 34. c5 Rd8 35. a4 e5 36. Kc3 Bxb3 37. Kxb3 Rxd4 38. Ng2 Nd5 39. Nh4 Rd3+ 40. Kc4 Rxh3 41. Nf5+ Kf8 42. b4 Rc3# 0-1

[Event "GBR-ch U1750 op 104th"]
[Site "Llandudno"]
[Date "2017.07.31"]
[Round "1"]
[White "Foster, Paul"]
[Black "Egan, William J"]
[Result "1/2-1/2"]
[WhiteElo "1432"]
[BlackElo "1630"]
[PlyCount "46"]
[EventDate "2017.07.31"]
[EventType "swiss"]
[EventRounds "5"]
[EventCountry "WLS"]
[SourceTitle "EXT 2019"]
[Source "ChessBase"]
[SourceDate "2018.10.10"]
[SourceVersion "1"]
[SourceVersionDate "2018.10.10"]
[SourceQuality "1"]

1. e4 c6 2. d4 d5 3. e5 c5 4. dxc5 Nc6 5. Nf3 e6 6. Be2 Bxc5 7. 0-0 Nge7 8. Bg5 Qc7 9. Bb5 0-0 10. Bxc6 bxc6 11. c3 Ba6 12. Re1 Ng6 13. Qd2 Rab8 14. b4 Be7 15. Bxe7 Qxe7 16. Na3 c5 17. bxc5 Qxc5 18. Nc2 Rb2 19. Qd4 Qxd4 20. Ncxd4 Rc8 21. Re3 Bc4 22. a3 h6 23. g3 Rcb8 1/2-1/2

[Event "BCF-ch U120"]
[Site "Aberystwyth"]
[Date "2014.07.31"]
[Round "4"]
[White "Tanner, Frank"]
[Black "Egan, William J"]
[Result "1-0"]
[WhiteElo "101"]
[BlackElo "119"]
[PlyCount "80"]
[EventDate "2014.07.28"]
[EventType "swiss"]
[EventRounds "5"]
[EventCountry "WLS"]
[SourceTitle "EXT 2017"]
[Source "ChessBase"]
[SourceDate "2016.10.25"]
[SourceVersion "1"]
[SourceVersionDate "2016.10.25"]
[SourceQuality "1"]

1. c4 c6 2. g3 d5 3. cxd5 cxd5 4. Bg2 Nf6 5. Nc3 Nc6 6. d4 e6 7. Nf3 a6 8. a3 Bd7 9. 0-0 Bd6 10. Bg5 h6 11. Be3 0-0 12. Qd2 Re8 13. Bf4 Qc7 14. Bxd6 Qxd6 15. e3 b5 16. b4 Rac8 17. Rac1 Qb8 18. Ne1 a5 19. Nd3 axb4 20. axb4 Na7 21. Nc5 Bc6 22. Ne2 Nd7 23. Nf4 Nb6 24. Nfd3 e5 25. dxe5 Nc4 26. Qc3 Nxe5 27. Nxe5 Qxe5 28. Qd4 Ba8 29. Na6 Qd6 30. Qxa7 Bc6 31. Qd4 Ra8 32. Nc5 Re7 33. Nb3 Ra4 34. Nc5 Ra2 35. e4 Qe5 36. Qxe5 Rxe5 37. exd5 Bxd5 38. Bxd5 Rxd5 39. Rfd1 Rf5 40. Nd3 Kh7 1-0